Rozpoznaj państwa po trójstyku na mapie #1 - Statystyki

Ogólne statystyki
  • Ten quiz został rozwiązany 2 318 razy
  • Średni wynik to 19 z 27
Statystyki odpowiedzi
Obrazkowy Odpowiedź % Poprawnych
Rosja
98%
Chiny
97%
Mongolia
97%
Czechy
93%
Niemcy
93%
Polska
93%
Arabia Saudyjska
85%
Oman
85%
Zjednoczone Emiraty Arabskie
85%
Meksyk
73%
Belize
69%
Gwatemala
68%
Indie
68%
Bangladesz
66%
D.R. Konga
64%
Kenia
64%
Mjanma
64%
Brazylia
62%
Tanzania
62%
Uganda
60%
Peru
59%
Kolumbia
58%
Angola
56%
Zambia
55%
Bułgaria
33%
Rumunia
33%
Serbia
33%
Nie znaleziono quizów pasujących do podanych kryteriów
Rozkład punktacji
Procent ludzi z każdym wynikiem
Percentyl według liczby udzielonych odpowiedzi
Twoja historia wyników
Nie rozwiązałeś tego quizu